000 00968nas a2200301 4500
001 BR2012002787
003 BR-BrBNA
005 20231205120427.0
007 ta
008 230509b bl.|||p| |||| 00| 00por d
040 _aBR-BrBNA
_bpor
_cBiblioteca Nacional de Agricultura
041 _a(Pt)
072 _aF50
100 1 _aBauermann, S.G.
100 1 _aEvaldt, A.C.P.
100 1 _aZanchin, J.R.
100 1 _aBordignon, S.A. de L.
245 1 _aDiferenciação polínica de Butia, Euterpe, Geonoma, Syagrus e Thritrinax e implicações paleocológicas de Arecaceae para o Rio Grande do Sul
650 _aPALMAE
650 _aPÓLEN
650 _aMORFOLOGIA VEGETAL
650 _aRIO GRANDE DO SUL
650 _aDISTRIBUIÇÃO GEOGRÁFICA
650 _aHABITAT
773 0 _tIheringia. Série Botânica (Brazil)
_xISSN 0073-4705
_g(Jun 2010), v. 65(1) p. 35-46
_wBR2012002787
909 _a202311
_bLúcia
_c55
_dLúcia Elande
942 _2AGRIS
_n0
_cANA
999 _c218444
_d218444